| 000 | 004680000a22001690004500 | ||
|---|---|---|---|
| 003 | MACL | ||
| 005 | 20151222123315.0 | ||
| 008 | 151222b xxu||||| |||| 00| 0 eng d | ||
| 040 |
_aMACL _cMACL |
||
| 041 | _aEnglish | ||
| 082 | _a294/WAR | ||
| 100 |
_aWarren, Henry Clarke _921831 |
||
| 245 |
_aVisuddhimagga of Buddhaghosachriya _bHarvard Oriental Series Vol 41 |
||
| 260 |
_bHarvard University Press _c1950 |
||
| 650 |
_aReligion _921833 |
||
| 942 |
_cBK _k294/WAR _2ddc |
||
| 999 |
_c40916 _d40916 |
||